Normal view
MARC view
Entry Personal Name
001 - CONTROL NUMBER
- control field: 1236308
003 - CONTROL NUMBER IDENTIFIER
- control field: OSt
005 - DATE AND TIME OF LATEST TRANSACTION
- control field: 20260430150042.0
008 - FIXED-LENGTH DATA ELEMENTS
- fixed length control field: 260430|| aca||aabn | a|a d
040 ## - CATALOGING SOURCE
- Original cataloging agency: OSt
- Transcribing agency: OSt
100 ## - HEADING--PERSONAL NAME
- Personal name: Verma Sapna Au.; Singh K.P. Gu
670 ## - SOURCE DATA FOUND
- Source citation: Work cat.: (OSt)1848826: Verma Sapna Au.; Singh K.P. Gu., Growth and Collaboration Trends in the field of food technology in India: A Scientometrics study, 2022
